000 00671nam a2200241Ia 4500
003 OSt
005 20220926022227.0
006 a|||||r|||| 00| 0
007 ta
008 220923b |||||||| |||| 00| 0 eng d
037 _cGeneral Book
040 _aRTL
_cRTL
_beng
041 _2eng
_aeng
082 _aV1N45,93:3.N58, J8/UN
110 _aUNITED NATIONS
245 0 _aGeneral assembly official records
_b 13th session.
260 _aNew York
_bUnited Nations
_c1958
300 _a27p.
_ccm.
500 _aSupplement No. 8
700 _aUNITED NATIONS
942 _hV1N45,93:3.N58, J8/UN
_cGB
_2CC
999 _c638939
_d638939